| 000 | 00957nam a2200277Ia 4500 | ||
|---|---|---|---|
| 001 | Z_2748 | ||
| 008 | 220601s9999 xx 000 0 und d | ||
| 020 | _a978-607-12-0450-9 | ||
| 082 | _a631.584 G66 | ||
| 100 |
_aGómez Tovar, Laura _949914 |
||
| 245 | _aAgricultura orgánica : bases técnicas / Laura Gómez Tovar y Manuel Ángel Gómez Cruz | ||
| 260 | _aMéxico : UACh. Centro de Investigaciones Interdiciplinarias para el Desarrollo Rural Integral (CIIDRI) | ||
| 300 | _axii, 91 p. | ||
| 440 |
_a(Publicaciones agroecológicas) _9135200 |
||
| 503 | _aej.1: donación 2017 | ||
| 504 | _aBibliografía: p. 85-91 | ||
| 650 | _a1. Producción orgánica | ||
| 650 | _aAgricultura sustentable | ||
| 650 |
_aAgroecología _9162546 |
||
| 700 |
_aGómez Cruz, Manuel Ángel, coaut.Ì _9179786 |
||
| 901 | _a631.584 G66 | ||
| 902 | _aM | ||
| 905 | _a5232272017 mx dmn 8222123322spa16 | ||
| 942 | _c1 | ||
| 999 |
_c216876 _d216876 |
||